export_success — 

The Barcelona School of Ecological Economics and Political Ecology : A Companion in Honour of Joan Martinez-Alier.

Bibliographic Details
Main Author: Villamayor-Tomas, Sergio.
Other Authors: Muradian, Roldan.
Format: eBook
Language:English
Published: Cham : Springer International Publishing AG, 2023.
Edition:1st ed.
Series:Studies in Ecological Economics Series
Subjects:
Online Access:Click to View
LEADER 01722nam a22003973i 4500
001 EBC7207171
003 MiAaPQ
005 20231204023228.0
006 m o d |
007 cr cnu||||||||
008 231204s2023 xx o ||||0 eng d
020 |a 9783031225666  |q (electronic bk.) 
020 |z 9783031225659 
035 |a (MiAaPQ)EBC7207171 
035 |a (Au-PeEL)EBL7207171 
035 |a (OCoLC)1371482879 
040 |a MiAaPQ  |b eng  |e rda  |e pn  |c MiAaPQ  |d MiAaPQ 
050 4 |a HC79.E5 
100 1 |a Villamayor-Tomas, Sergio. 
245 1 4 |a The Barcelona School of Ecological Economics and Political Ecology :  |b A Companion in Honour of Joan Martinez-Alier. 
250 |a 1st ed. 
264 1 |a Cham :  |b Springer International Publishing AG,  |c 2023. 
264 4 |c Ã2023. 
300 |a 1 online resource (401 pages) 
336 |a text  |b txt  |2 rdacontent 
337 |a computer  |b c  |2 rdamedia 
338 |a online resource  |b cr  |2 rdacarrier 
490 1 |a Studies in Ecological Economics Series ;  |v v.8 
588 |a Description based on publisher supplied metadata and other sources. 
590 |a Electronic reproduction. Ann Arbor, Michigan : ProQuest Ebook Central, 2023. Available via World Wide Web. Access may be limited to ProQuest Ebook Central affiliated libraries.  
655 4 |a Electronic books. 
700 1 |a Muradian, Roldan. 
776 0 8 |i Print version:  |a Villamayor-Tomas, Sergio  |t The Barcelona School of Ecological Economics and Political Ecology  |d Cham : Springer International Publishing AG,c2023  |z 9783031225659 
797 2 |a ProQuest (Firm) 
830 0 |a Studies in Ecological Economics Series 
856 4 0 |u https://ebookcentral.proquest.com/lib/matrademy/detail.action?docID=7207171  |z Click to View